000 00828cam a2200277 4500
008 090401t1998 xxu||||| |||| 00| 0 eng d
020 _a072772634X
035 _a(Sirsi) u88698
041 _aeng
050 _a624.08
110 _aInstitution of Civil Engineers
_91402
245 4 _aThe professional services contract : a New Engineering Contract document.
250 _a2nd ed.
260 _aLondon
_bThomas Telford
_c1998
300 _a46p. ; 30cm.
350 _a15
650 _aBUILT ENVIRONMENT-BUILDING CONTRACT FORMS
650 _aCIVIL ENGINEERING CONTRACTS
650 _aCONSULTANTS
650 _aNEW ENGINEERING CONTRACT
650 _aPROFESSIONAL SERVICES CONTRACT
650 _aPROFESSIONAL SERVICES
690 _aBUILT ENVIRONMENT-BUILDING CONTRACT FORMS
942 _n0
948 _c29/09/1998
999 _c97372
_d97372